| 000 | 00827nas a2200289 4500 | ||
|---|---|---|---|
| 001 | BR8900856 | ||
| 003 | BR-BrBNA | ||
| 005 | 20231205091443.0 | ||
| 007 | ta | ||
| 008 | 230509b bl.|||p| |||| 00| 00por d | ||
| 040 |
_aBR-BrBNA _bpor _cBiblioteca Nacional de Agricultura |
||
| 041 | _a(Pt) | ||
| 072 | _aF01 | ||
| 100 | 1 | _aSilva, L.C.F. da | |
| 100 | 1 | _aMarafon Junior, J. | |
| 100 | 1 | _aBeltrame, J.A. | |
| 100 | 1 | _aAragao, J.A. | |
| 100 | 1 | _aOrlando Filho, J. | |
| 245 | 1 | _aAdubacao fluida em cana-de-acucar no estado de Sao Paulo | |
| 650 | _aADUBO | ||
| 650 | _aADUBO LIQUIDO | ||
| 650 | _aCANA DE ACUCAR | ||
| 650 | _aSAO PAULO | ||
| 773 | 0 |
_tBrasil Acucareiro (Brazil) _xISSN 0006-9167 _g(May-Jun 1988), v. 106(3) p. 27-32 _wBR8900856 |
|
| 909 |
_a202311 _bLúcia _c55 _dLúcia Elande |
||
| 942 |
_2AGRIS _n0 _cANA |
||
| 999 |
_c125191 _d125191 |
||